00803nam a22002417a 450000500170000001000130001702000110003003500130004103700160005404000120007008200130008210000210009524500640011625000170018026000340019727000470023130000310027865000310030965000440034094200220038499900190040695201360042520170124110143.0 aB-130930 c225.00 aB-130930 bCen Lib/Ret aDPLbEN a000bJAI aJai, T.S.932825 aBanks probationary officers :cby T.S. Jain bexamination / aRev. enl. ed aAgra bUpkar Prakashan c2006 bAgra a2/11A, swadeshi bima nagar e282002 avarious pagings c23cm(Hb) aGeneralia xBanking932826 aExcercises, questions paper etc 932827 2ddccENh000mJAI c131798d131798 00104070aLbLd2015-07-16eCen Lib/Retg225.00l1o000 JAIpB-130930r2017-07-18 00:00:00s2017-07-11t1v225.00w2015-07-16yEN